Světový pojistný trh a trendy

Hodnotenie poistných trhov pomocou ukazovateľa - predpísané poistné a vývoj odvodeným ukazovateľom - rast predpísaného poisného. Podiel emerging markets. Rozdielna úroveň poistenosti.

Salvato in:
Dettagli Bibliografici
Autore principale: Ducháčková, Eva
Natura: Capitolo di libro
Lingua:ceco
Soggetti:
Tags: Aggiungi Tag
Nessun Tag, puoi essere il primo ad aggiungerne!!

MARC

LEADER 00000naa$a2200000$$$4500
001 0086116
005 20231010095418.8
041 0 |a cze 
044 |a CZ 
245 1 0 |a Světový pojistný trh a trendy  |c Eva Ducháčková 
520 |a Hodnotenie poistných trhov pomocou ukazovateľa - predpísané poistné a vývoj odvodeným ukazovateľom - rast predpísaného poisného. Podiel emerging markets. Rozdielna úroveň poistenosti. 
610 2 0 |a poistenie 
610 2 0 |a trh poistný 
610 2 0 |a ukazovatele 
610 2 0 |a poistné 
100 1 |a Ducháčková, Eva